00228nam a2200073Ia 4500082001600000245007600016100002100092008004100113 a32.968 DUTO 0aAfrikaner political thought : analysis and documents. Vol. 1 : 178-185  aDu Toit, Andre 210825s9999 xx 000 0 und d